EA FC24 Ligue 1 TOTS - Statistics

General Stats
  • This quiz has been taken 29 times
    17 since last reset
  • The average score is 19 of 29
Answer Stats
Club Position Rating Answer % Correct
PSG ST 97 Kylian Mbappe
100%
PSG RW 96 Ousmane Dembele
100%
PSG CM 95 Vitinha
100%
PSG GK 95 Gianluigi Donnarumma
93%
Marseille ST 93 Pierre-Emerick Aubameyang
87%
PSG CM 95 Warren Zaire-Emery
87%
Lyon ST 93 Alexandre Lacazette
80%
Lille ST 94 Jonathan David
80%
PSG* CB* 95* Marquinhos
80%
PSG* LB* 92* Nuno Mendes
80%
OGC Nice CB 90 Dante
73%
PSG CAM 90 Kang in lee
67%
OGC Nice* CM* 94* Khephren Thuram
67%
PSG* CB* 93* Lucas Hernandez
67%
Brest CDM 93 Pierre Lees-Melou
67%
Lyon* CAM* 94* Rayan Cherki
67%
Monaco CF 93 Takumi Minamino
60%
Monaco CF 94 Aleksandr Golovin
53%
Marseille CB 91 Chancel Mbemba
53%
OGC Nice* CB* 91* Jean-Clair Todibo
53%
Brest RW 93 Romain Del Castillo
53%
Lille RB 92 Tiago Santos
53%
Monaco* CDM* 91* Denis Zakaria
47%
Lens CB 91 Facundo Medina
47%
Brest* RB* 90* Kenny Lala
47%
Brest LB 90 Bradley Locko
40%
Lille RM 91 Edon Zhegrova
40%
Lille CDM 91 Nabil Bentaleb
33%
Lille* CB* 93* Samuel Umtiti
20%
No matching quizzes found
Score Distribution
Percent of People with Each Score
Percentile by Number Answered
Your Score History
You have not taken this quiz since the last reset